000 00396nam a2200157Ia 4500
008 230711s9999||||xx |||||||||||||| ||und||
041 _aENG
082 _a629
_bST-F
100 _aStefani,Raymond T
245 0 _aDesign of feed back control system
250 _a1st Ed.
260 _c2002
_aNew Delhi
_bOxford University Press
300 _a848
650 _aElectrical Engineering
942 _cBK
999 _c4501
_d4501